000 00465nam a22001817a 4500
003 UA-OsUOA
001 11246
007 ta
008 20050120b un ||||| |||| 00| 0 ukr d
100 _aВилегжаніна Т.
942 _cSA
040 _aUA-OsUOA
_cUA-OsUOA
_dUA-OsUOA
245 _aБібліотеки: технології і люди
300 _aС.4-6
955 _a0
773 0 _w0
650 7 _aІнформаційні технології
_2UDC
999 _c297407
_d297407